| 000 | 00783nam a2200265 a 4500 | ||
|---|---|---|---|
| 999 |
_c12474 _d12474 |
||
| 001 | 12474 | ||
| 003 | BD-JhCC | ||
| 005 | 20220227091646.0 | ||
| 008 | 220227b1990 enk |||| ||6| 001 0 eng d | ||
| 020 | _a0912463562 | ||
| 035 | _a(BD-JhCC)12474 | ||
| 040 |
_aBD-JhCC _dBD-JhCC |
||
| 041 | _aEnglish | ||
| 082 |
_a340.59 _bALA 1990 |
||
| 100 | _aAl-Alwani, Taha Jabir | ||
| 245 |
_aUsul Al Fiqh Al Islami / _c Taha Jabir Al-Alwani, Yusuf Talal Delorenzo,A.S. Al Shaikh-Ali. |
||
| 260 |
_aLondon : _bThe International Institute Of Islamic Thought; _c1990. |
||
| 300 |
_a84 p. : _c22 cm. |
||
| 650 | _aIslamic Law | ||
| 650 | _aInterpretation and construction | ||
| 700 | _aDelorwnzp,Yusuf Talal | ||
| 700 | _aAli, A.S. Al Shaikh | ||
| 942 |
_2ddc _cBK |
||